Využití shlukové analýzy a metody hlavních komponent při identifikaci faktorů ovlivňujícich přijetí IFRS pro SME

Harmonizácia finanačného výkazníctva SME prostredníctvom IFRS pre SME v celosvetovom meradle.

Salvato in:
Dettagli Bibliografici
Autore principale: Blašková, Veronika
Altri autori: Bohušová, Hana
Natura: Capitolo di libro
Lingua:ceco
Soggetti:
Tags: Aggiungi Tag
Nessun Tag, puoi essere il primo ad aggiungerne!!

MARC

LEADER 00000naa a2200000 4500
001 0198758
005 20231204135143.0
041 0 |a cze 
044 |a CZ 
245 1 0 |a Využití shlukové analýzy a metody hlavních komponent při identifikaci faktorů ovlivňujícich přijetí IFRS pro SME  |c Veronika Blašková, Hana Bohušová 
520 |a Harmonizácia finanačného výkazníctva SME prostredníctvom IFRS pre SME v celosvetovom meradle. 
610 2 0 |a analýza zhluková 
610 2 0 |a štandardy účtovné medzinárodné 
610 2 0 |a výkazy finančné 
610 2 0 |a podnik malý 
610 2 0 |a podnik stredný 
610 2 0 |a hospodárstvo svetové 
610 2 0 |a harmonizácia 
100 1 |a Blašková, Veronika 
700 1 |a Bohušová, Hana